000
00315nam a2200145Ia 4500
003
OSt
008
191201s2014 xx 000 0 und d
082
_a
333.7
_b
BIE
100
_a
BIR, Ritu
245
0
_a
Environmental Studies
260
_a
N. delhi
_b
Vayu
_c
2014
300
_a
180
650
_a
BBA
942
_2
ddc
_c
BK
999
_c
6258
_d
6258